Joss Whedon Filmography - Statistics

General Stats
  • This quiz has been taken 15 times
  • The average score is 6 of 30
Answer Stats
Hint Answer % Correct
2015 Avengers: Age of Ultron
73%
1992 Buffy the Vampire Slayer
73%
2017 Justice League
47%
1995 Toy Story
47%
2012 Marvel's The Avengers
40%
2005 Serenity
40%
2011 Captain America: The First Avenger
33%
2014 Captain America: The Winter Soldier
33%
2011 Thor
33%
2012 Much Ado About Nothing
27%
1994 Speed
27%
2011 The Cabin in the Woods
27%
2013 Thor: The Dark World
27%
2013 Iron Man 3
20%
2014 Guardians of the Galaxy
13%
2000 X-Men
13%
1997 Alien: Resurrection
7%
2001 Atlantis: The Lost Empire
7%
2014 In Your Eyes
7%
1994 The Getaway
7%
2000 Titan A.E.
7%
1996 Twister
7%
1995 Waterworld
7%
2020 A Place Among the Dead
0%
2002 Chance
0%
2014 Lust for Love
0%
1998 The Lion King 2: Simba's Pride
0%
1995 The Quick and the Dead
0%
2017 To the Bone
0%
2010 Trap
0%
No matching quizzes found
Score Distribution
Percent of People with Each Score
Percentile by Number Answered
Your Score History
You have not taken this quiz